Culture Générale - Série 1843 - Statistiques

Statistiques générales
  • Ce quiz a été pris 112 fois
  • Le résultat moyen est 3 sur 10
Statistiques - réponses
Question Réponse % Correct
Dans quelle ville française la marionnette "Guignol" a-t-elle été créée vers 1808 ? Lyon
87%
De quel héros Jonathan Swift a-t-il raconté les voyages ? Gulliver
69%
Dans Harry Potter, quel prénom porte Mademoiselle Grangier ? Hermione
61%
Quel était le prénom de Madame d'Estrées, favorite du roi Henri IV ? Gabrielle
38%
Quel était le prénom de l'aviatrice française Bastié (1898-1952) ? Maryse
25%
Dans la mythologie grecque, qui est le frère d' Oreste ? Electre
14%
De quel légume le turion ou hibernacle est-il la partie consommable ? asperge
11%
Sous quel nom connaissait-on mieux Marie Dolores Eliza Rosanna Gilbert (1821-1861), danseuse exotique, actrice et courtisane d'origine irlandaise, célèbre pour avoir été la maîtresse du roi Louis Iᵉʳ de Bavière ? Lola Montez
8%
Quel nom est davantage employé pour désigner le "cornichon de mer" ? salicorne
8%
Quelle est la devise monétaire du Vanuatu ? vatu
7%
Aucun quiz correspondant
Distribution des résultats
% des personnes avec chaque résultat
Percentile par nombre de réponses
Votre historique - résultats
Vous n’avez pas pris ce quiz